Machine Design (Record no. 8116)

MARC details
000 -LEADER
fixed length control field 00274nam a2200121Ia 4500
008 - FIXED-LENGTH DATA ELEMENTS--GENERAL INFORMATION
fixed length control field 191201s2013 xx 000 0 und d
100 ## - MAIN ENTRY--PERSONAL NAME
Personal name AULAKH,GS
245 #0 - TITLE STATEMENT
Title Machine Design
250 ## - EDITION STATEMENT
Edition statement 3rd
260 ## - PUBLICATION, DISTRIBUTION, ETC. (IMPRINT)
Date of publication, distribution, etc 2013
Name of publisher, distributor, etc Eagle Pub.
Place of publication, distribution, etc New Delhi
300 ## - PHYSICAL DESCRIPTION
Extent 320+71
942 ## - ADDED ENTRY ELEMENTS (KOHA)
Source of classification or shelving scheme Dewey Decimal Classification
Koha item type Text Books
Holdings
Withdrawn status Lost status Source of classification or shelving scheme Damaged status Not for loan Collection code Home library Current library Date acquired Source of acquisition Cost, normal purchase price Bill Number Total Checkouts Acc. no. / Barcode Checked out Date last seen Date last borrowed Bill Date Koha item type Full call number
    Dewey Decimal Classification     Diploma in Mechanical PIET C-LIBRARY PIET C-LIBRARY 01/06/2013 IBH, New Delhi 238.00 2507 1 DE1005 08/03/2021 07/09/2020 07/09/2020 01/06/2013 Text Books  
    Dewey Decimal Classification     Diploma in Mechanical PIET C-LIBRARY PIET C-LIBRARY 01/06/2013 IBH, New Delhi 238.00 2507 2 DE1006   13/03/2024 26/02/2024 01/06/2013 Text Books 621.815 AUM

Design & Developed by: PIET Central Library
R70 Miles Stone Pattikalyana Samalkha Panipat 132102
mail ID :- [email protected], Phone No:- 0180-2569700 Ex.216